Croatian International Relations Review

Na minha lista:
Detalhes bibliográficos
Formato: Periódico
Idioma:croata
inglês
Publicado em: Zagreb IRMO
Tags: Adicionar Tag
Sem tags, seja o primeiro a adicionar uma tag!

MARC

LEADER 00000nas1a2200000 4500
001 0254261
005 20250701092133.6
022 |a 1331-1182 
022 |a 1848-5782 
041 0 |a hrv 
041 0 |a eng 
044 |a HR 
245 1 0 |a Croatian International Relations Review 
264 1 |a Zagreb  |b IRMO 
500 |a Od 12/2024 je časopis vyradený z databázy Web of Science